000 00641nam a2200253 a 4500
001 0001-1222
003 ELIB.Books
008 150529 2010 eng
020 _aKBTS
035 _a(ELIB.Books)0001-1377
092 _aJ
_bHut
100 _aHutter, Manfred
245 _aThe Study and Dialogy of Religions in a Pluralistic World.
250 _aVol 6.
260 _aMIT
_bJudson Research Center
_c2006
300 _a53-64
_c25 Cm
500 _aJ Religion
650 _aReligion
856 _nKBTS: Library
_uKBTS: Elib
942 _2ddc
_cBK
990 _a1
998 _cbat
_e2015-05-29
999 _c11222
_d11222